| 000 | 01173nam a22003257a 4500 | ||
|---|---|---|---|
| 003 | CHAP | ||
| 005 | 20220329143342.0 | ||
| 008 | 081118s2004 us r 00010 eng d | ||
| 010 | _a95393 | ||
| 011 | _a96365 | ||
| 020 | _a0821356688 | ||
| 035 | _a107017 | ||
| 040 | _cCHAP | ||
| 082 | 0 | 4 |
_a305.0972 _bD36 |
| 100 | 1 |
_aDe Ferranti, David _931387 |
|
| 245 | 1 | 0 |
_aInequality in Latin America : _bbreaking with history _c/by David de Ferranti ...[and others] |
| 260 |
_aWashington, D.C. : _bThe World Bank, _cc2004 |
||
| 300 |
_axii, 380 p. : _bgráfs. ; cuadros |
||
| 490 | 0 | _aWorld Bank Latin American and Caribbean studies | |
| 590 |
_aBATCH-UPD _b10 _c20130110 _lUCH01 _h0538 |
||
| 590 |
_aBATCH-UPD _b10 _c20130410 _lUCH01 _h0219 |
||
| 590 |
_aCONVERSION _b10 _c20130109 _lUCH01 _h1353 |
||
| 650 | 1 | 4 |
_aAmerica Latina _xAspectos economicos. _95385 |
| 650 | 1 | 4 |
_aAmerica Latina _xCondiciones economicas. _95390 |
| 650 | 1 | 4 |
_aAmerica Latina _xCondiciones sociales. _95395 |
| 830 | 0 |
_aWorld Bank Latin American and Caribbean studies _9122693 |
|
| 901 | _aBK | ||
| 942 | _cLIBRO | ||
| 949 |
_a305.0972 D36 _bBC _cLIBRO _d33724002068941 _eLIBRO _gI.c/e _h109861 _i107017 _sb _t$308.00 |
||
| 999 |
_c95393 _d95393 |
||